000
00217nam a22000857a 4500
008
161208b xxu||||| |||| 00| 0 eng d
100
_9
1946
_a
Prakash.A.
245
_a
Mathematics-10-Term-II
260
_a
New Delhi
_b
Geeta
_c
2016
999
_c
4727
_d
4727